000 00632nam a2200193Ia 4500
005 20260114185849.0
008 008 260114s9999 xx 000 0 eng d
020 _a9780755603268
037 _aEBOOK
040 _aCRL
_beng
_cCRL
041 _aeng
_2eng
084 _qCRL
100 _aDimitris Stamatopoulos
_9875334
245 0 _aEuropean Revolutions and the Ottoman Balkans Nationalism, Violence and Empire in the Long Nineteenth-Century
260 _bBloomsbury
_c2020
856 _uhttps://doi.org/10.5040/9780755603268?locatt=label:secondary_bloomsburyCollections
942 _cEBOOK
999 _c1474268
_d1474268